|
|
|
|
| LEADER |
00655nab a2200193 i 4500 |
| 001 |
acta52478 |
| 005 |
20250401140956.0 |
| 008 |
180528s1942 hu o 000 hun d |
| 040 |
|
|
|a SZTE Egyetemi Kiadványok Repozitórium
|b hun
|
| 041 |
|
|
|a hun
|
| 100 |
1 |
|
|a Reviczky Gyula
|
| 245 |
1 |
0 |
|a Ifjú pesszimistának
|h [elektronikus dokumentum] :
|b [részlet, vers] /
|c Reviczky Gyula
|
| 260 |
|
|
|c 1942
|
| 300 |
|
|
|a 416
|
| 490 |
0 |
|
|a Gyakorlati pedagógia
|v 7 No. 10
|
| 650 |
|
4 |
|a Bölcsészettudományok
|
| 650 |
|
4 |
|a Nyelvek és irodalom
|
| 695 |
|
|
|a Magyar irodalom - vers
|
| 856 |
4 |
0 |
|u http://acta.bibl.u-szeged.hu/52478/1/gyakorlati_1942_010_416.pdf
|z Dokumentum-elérés
|